| 000 | 00537nam a2200193Ia 4500 | ||
|---|---|---|---|
| 005 | 20250617094704.0 | ||
| 008 | 008 250516s9999 xx 000 0 eng d | ||
| 020 | _a9780190058135 | ||
| 040 |
_beng _cSDCL |
||
| 041 |
_aeng _2eng |
||
| 084 | _aV1:19(D) R4 | ||
| 100 | _aMiller, Seumas | ||
| 245 | 0 | _aCybersecurity, ethics, and collective responsibility | |
| 260 |
_aNew York : _bOxford University Press, _c2024. |
||
| 300 | _aviii, 374p. | ||
| 650 | _aPhilosophy | ||
| 700 |
_aBossomaier, Terry _9293058 |
||
| 942 |
_cTEXL _2CC |
||
| 999 |
_c1430658 _d1430658 |
||